| 000 | 00000nam##2200000za#4500 |
| 001 | 9.626353 |
| 003 | CaOODSP |
| 005 | 20210615104502 |
| 007 | ta |
| 008 | 150406|1980||||xxc||||| f|0| 0 fre|d |
| 040 | |aCaOODSP|bfre |
| 043 | |an-cn--- |
| 086 | 1 |aNH18-1/2F |
| 110 | 2 |aSociété canadienne d'hypothèques et de logement. |
| 245 | 13|aLe logement abordable dans les collectivités urbaines du Canada : |bétude documentaire / |cpréparé par Sharon Chisholm. |
| 260 | |aOttawa - Ontario : |bSociété canadienne d'hypothèques et de logement |c2003. |
| 300 | |a73p. : |btableaux ; |c28 cm. |
| 490 | 1 |aRapport de recherche |
| 504 | |aBibliographie. |
| 520 | 3 |aCe rapport de recherche fait partie d’une série de rapports qui visent à stimuler l’innovation dans la conception des habitations et la technologie du bâtiment, l’urbanisme, les options de logement et le financement. En tant qu’organisme national responsable de l’habitation au Canada, la Société canadienne d’hypothèques et de logement est également le plus important diffuseur d’information sur l’habitation au pays. |
| 563 | |aCouverture souple |
| 590 | |a03-40|b2003-10-03 |
| 691 | 07|aLogement|2gcpds |
| 691 | 07|aCommunauté urbaine|2gcpds |
| 720 | 1 |aChisholm, Sharon |
| 775 | 08|tAffordable housing in Canada's urban communities : |w(CaOODSP)9.616541 |
| 776 | 0#|tLe logement abordable dans les collectivités urbaines du Canada : |w(CaOODSP)9.600613 |
| 830 | #0|aRapport de recherche.|w(CaOODSP)9.513459 |